MARC

LEADER 00000nam0a2200000 4500
001 69538
005 20231101212444.0
010 |a 5020327360 
035 |a (RuTPU)RU\TPU\book\74037 
090 |a 69538 
100 |a 20041027d2004 k y0rusy50 ca 
101 0 |a rus 
102 |a RU 
105 |a y z 001zy 
200 1 |a Философия пола и любви Н. А. Бердяева  |f Ю. Ю. Черный 
210 |a Москва  |c Наука  |d 2004 
215 |a 132 с. 
320 |a Библиогр.: с. 127-131. 
606 1 |a Русская философия  |x история  |z 20 в.  |2 stltpush  |3 (RuTPU)RU\TPU\subj\67507  |9 83282 
610 1 |a философия 
610 1 |a история 
610 1 |a 20 век 
610 1 |a пол 
610 1 |a любовь 
610 1 |a эрос 
686 |a Ю3(2)6  |v LBC/SL-A  |2 rubbk 
700 1 |a Черный  |b Ю. Ю.  |g Юрий Юрьевич 
712 0 2 |a Российская академия наук  |b Институт научной информации по общественным наукам (ИНИОН)  |c (Москва)  |2 stltpush  |3 (RuTPU)RU\TPU\col\177 
801 1 |a RU  |b 63413507  |c 20041027  |g PSBO 
801 2 |a RU  |b 63413507  |c 20141110  |g PSBO 
942 |c BK